00431nam a2200121Ia 4500008004100000245007500041245003100116260000900147650001300156856004800169999001900217952007300236171211s9999 xx 000 0 und d aActivity and Participation in Late Antique and Early Christian Thought cTorstein Theodor Tollefsen c2012 xRELIGION uhttp://down.ebook777.com/062/0199605963.pdf c350601d350601 001040aCLbCLd2017-12-11l0r2017-12-11 00:00:00w2017-12-11yCBE